टाइम अँड सेल्फ मॅनेजमेन्ट (Record no. 1222365)

MARC details
000 -LEADER
fixed length control field 00646nam a2200157Ia 4500
008 - FIXED-LENGTH DATA ELEMENTS--GENERAL INFORMATION
fixed length control field 260601s2025 xx 000 0 und d
020 ## - INTERNATIONAL STANDARD BOOK NUMBER
International Standard Book Number 978-93-5220-440-3
041 ## - LANGUAGE CODE
Language code of text/sound track or separate title hin
082 ## - DEWEY DECIMAL CLASSIFICATION NUMBER
Classification number 650.11/DIK
100 ## - MAIN ENTRY--PERSONAL NAME
Personal name दीक्षित कांचन
245 ## - TITLE STATEMENT
Title टाइम अँड सेल्फ मॅनेजमेन्ट
Remainder of title वेळेचं व आयुष्याचं सजग व्यवस्थापन
250 ## - EDITION STATEMENT
Edition statement ७ आवृती
260 ## - PUBLICATION, DISTRIBUTION, ETC.
Place of publication, distribution, etc. छत्रपती शंभाजी नगर
Name of publisher, distributor, etc. साकेत प्रकाशन प्रा.लि
Date of publication, distribution, etc. २०२५
300 ## - PHYSICAL DESCRIPTION
Extent P.B,296
650 ## - SUBJECT ADDED ENTRY--TOPICAL TERM
Topical term or geographic name entry element MCA
Holdings
Withdrawn status Lost status Damaged status Not for loan Home library Current library Date acquired Source of acquisition Cost, normal purchase price Total Checkouts Full call number Barcode Date last seen Price effective from Koha item type
        Institute of Management, Kolhapur Institute of Management, Kolhapur 23/12/2025 भारती बझार पुणे 350.00   650.11/DIK MCK-M6089 02/06/2026 02/06/2026 Reference Books